000 00707nam a2200277Ia 4500
001 18198
005 20240113235835.0
007 ta
008 060110s a g b000 u 465 u
020 _cHB
040 _aCotton College,Assam
041 _a465
082 _a572.9
_bN 379 R
100 _aNesturkh, M. .
245 0 _aThe Races of Mankind /
_cM. Nesturkh.
_hTextual Documents
250 _a1st ed. /
260 _aMoscow :
_bForeign Languages Publishing House ,
_cnd.
300 _a108p. :
_bill ;
_c22cm .
653 _aAnthropology
653 _aRace-Mankind
653 _aG-Anthropology
942 _2ddc
_cBK
999 _c18180
_d18180